000 01532cam a2200145 4500500
005 20251214003232.0
041 _afre
042 _adc
100 1 0 _aFiori-Duharcourt, Nicole
_eauthor
700 1 0 _aIsel, Frédéric
_eauthor
245 0 0 _aLes neurosciences cognitives
260 _bArmand Colin,
_c2012.
520 _aCe manuel consacre la part qui s'impose à l'organisation du système nerveux, afin de faciliter la compréhension des modèles de fonctionnement cognitif. Il présente les grands principes des méthodes d'imagerie cérébrale, les différences d'organisation entre cerveaux masculin et féminin et étudie les liens entre émotions et cognition. Cette 2e édition se veut volontairement plus pédagogique et consolide les chapitres sur « la mémoire » et sur les liens entre émotions et cognition, thématique actuellement très travaillée. Nicole Fiori-Duharcourt est professeur de neurosciences à l’université Paris V – René- Descartes, membre du Laboratoire Vision, Action, Cognition (université Paris V – René-Descartes – CNRS). Frédéric Isel est maître de conférences en psychologie (HDR) à l’université Paris V – René-Descartes, membre du Laboratoire Vision, Action, Cognition (université Paris V – René-Descartes – CNRS) et membre associé du Laboratoire de Phonétique et Phonologie (université Paris III – Sorbonne-Nouvelle – CNRS).
856 4 1 _uhttps://shs.cairn.info/les-neurosciences-cognitives--9782200246556?lang=fr&redirect-ssocas=7080
999 _c1567627
_d1567627